Maiores cidades da R. A. da Madeira - Statistics

Estatísticas Gerais
  • Esse quiz foi jogado 118 vezes
  • A pontuação média é 6 de 7
Estatísticas das Respostas
População Resposta % Correto
111 892 Funchal
100%
17 986 Câmara de Lobos
84%
11 947 Machico
84%
6 070 Santa Cruz
80%
3 439 Santana
80%
11 586 Caniço
63%
5 483 Porto Santo
63%
Nenhum quiz correspondente encontrado
Distribuição das Pontuações
Porcentagem de Pessoas com Cada Pontuação
Percentil de Números Respondidos
Sua Pontuação Histórica
Você não jogou esse quiz